000 00516nam a22001697a 4500
005 20241209065720.0
008 241209b |||||||| |||| 00| 0 eng d
020 _a0958401187
041 _aEnglish
082 _a346.43 WES
100 _lEnglish
245 _aThe Practitioner's Guide To Conveyancing and Notarial Practice
260 _aSouth Africa:
_bLaw Societies of South Africa,
_c1997
300 _bxliv, 200 pages;
_c26 cm.
650 _aLegal practice
_bLaw
942 _cBK
_6ALISON_BN_VRIES
999 _c3285
_d3285